Ultimate Logo Quiz - Statistics

General Stats
  • This quiz has been taken 61 times
  • The average score is 44 of 60
Answer Stats
Picture Answer % Correct
Shell
96%
Adidas
94%
Apple
94%
Pepsi
94%
Pringles
94%
Taco Bell
94%
Amazon
92%
Burger King
92%
Google
92%
Monster
92%
Pizza Hut
92%
Wikipedia
92%
KFC
90%
Lego
90%
Twitter
90%
Puma
88%
Spotify
88%
Starbucks
88%
Toyota
88%
X-Box
88%
Instagram
86%
McDonald's
86%
Microsoft
86%
PlayStation
86%
Snapchat
86%
Target
86%
Gmail
82%
JetPunk
82%
LG
82%
Wendy's
82%
Firefox
80%
Mastercard
80%
Playboy
80%
Gatorade
78%
Walmart
75%
Gucci
71%
Lacoste
71%
Nestlé
71%
Bic
69%
Chanel
69%
BP
67%
The North Face
67%
T-Mobile
65%
Tide
63%
Converse
61%
Dolby
61%
Atari
57%
Firestone
53%
Motorola
53%
Kodak
51%
AT&T
49%
Yamaha
49%
SEAT
47%
Knorr
45%
Xerox
37%
Bacardi
35%
Lufthansa
35%
Beats by Dre
33%
Barclays
31%
Skoda Auto
22%
No matching quizzes found
Score Distribution
Percent of People with Each Score
Percentile by Number Answered
Your Score History
You have not taken this quiz